000 00259nam a2200097Ia 4500
008 220204s9999 xx 000 0 und d
082 _a339.1
_bREV
245 0 _aRevised Indian trade classification
260 _aDelhi
_bManager of Publications
_c1964
942 _cBK
999 _c21503
_d21503